000 00328nam a22001337a 4500
008 250404b |||||||| |||| 00| 0 eng d
020 _a0071002278
050 _aHJ257
_b.M87
100 _aMUSGRAVE A. Richard
245 _aPublic Finance In Theory and Practice
260 _aNIL
_bNIL
_c1989
300 _axvi, 627p.
942 _cBK
999 _c2869
_d2869